[Event "Timbo op"]
[Site "Timbo"]
[Date "2021.02.20"]
[Round "3"]
[White "Stroher, Victor Augusto"]
[Black "Frattini, Beatriz Maria"]
[Result "1-0"]
[WhiteElo "1599"]
[BlackElo "1844"]
[PlyCount "77"]
[EventDate "2021.02.19"]
[EventType "swiss"]
[EventRounds "6"]
[EventCountry "BRA"]
[SourceTitle "EXT 2022"]
[Source "ChessBase"]
[SourceDate "2021.10.06"]
[SourceVersion "1"]
[SourceVersionDate "2021.10.06"]
[SourceQuality "1"]

1. e4 c5 2. Nf3 d6 3. d4 cxd4 4. Nxd4 Nf6 5. Nc3 Nc6 6. Be2 e5 7. Nb3 Be6 8. Bg5 Be7 9. 0-0 0-0 10. Bxf6 Bxf6 11. Nd5 Bg5 12. Bd3 f5 13. f4 exf4 14. Nxf4 Bxf4 15. Rxf4 Qg5 16. Qd2 Ne5 17. Rf2 Qxd2 18. Nxd2 fxe4 19. Nxe4 Nxd3 20. cxd3 Rxf2 21. Kxf2 Rc8 22. Re1 Bxa2 23. Nxd6 Rc2+ 24. Re2 Rxe2+ 25. Kxe2 Bd5 26. g3 Kf8 27. Ke3 a6 28. Kd4 Bg2 29. Ke5 Bf1 30. d4 b5 31. b4 Ke7 32. Nb7 Bh3 33. Nc5 Bc8 34. d5 h5 35. d6+ Kd8 36. h4 Ke8 37. Kd5 Kd8 38. Kc6 g6 39. d7 1-0

[Event "Santa Catarina-ch 64th "]
[Site "Lages"]
[Date "2020.02.16"]
[Round "6"]
[White "Pavao, Fabio Biasi"]
[Black "Stroher, Victor Augusto"]
[Result "0-1"]
[WhiteElo "1741"]
[BlackElo "1511"]
[PlyCount "50"]
[EventDate "2020.02.14"]
[EventType "swiss"]
[EventRounds "6"]
[EventCountry "BRA"]
[SourceTitle "CBM 195 Extra"]
[Source "ChessBase"]
[SourceDate "2020.05.31"]
[SourceVersion "1"]
[SourceVersionDate "2020.05.31"]
[SourceQuality "1"]

1. e4 c5 2. Nf3 Nc6 3. d4 cxd4 4. Nxd4 e5 5. Nb5 a6 6. Nd6+ Bxd6 7. Qxd6 Qf6 8. Qd3 Nge7 9. Be3 d5 10. Bc5 dxe4 11. Qxe4 Bf5 12. Qc4 0-0 13. Be2 Rac8 14. c3 Rfd8 15. Bxe7 Nxe7 16. Qb3 Qg6 17. 0-0 Nd5 18. g3 Nf4 19. Bf3 Nh3+ 20. Kh1 Be4 21. c4 Rd3 22. Bxe4 Qxe4+ 23. f3 Qe2 24. Nc3 Nf2+ 25. Kg2 Qxf3+ 0-1

[Event "Florianopolis op 6th"]
[Site "Florianopolis"]
[Date "2020.01.22"]
[Round "4"]
[White "Resende, Paulo Sergio De"]
[Black "Stroher, Victor Augusto"]
[Result "1-0"]
[WhiteElo "1897"]
[BlackElo "1529"]
[PlyCount "79"]
[EventDate "2020.01.20"]
[EventType "swiss"]
[EventRounds "10"]
[EventCountry "BRA"]
[SourceTitle "CBM 194 Extra"]
[Source "ChessBase"]
[SourceDate "2020.03.31"]
[SourceVersion "1"]
[SourceVersionDate "2020.03.31"]
[SourceQuality "1"]

1. c4 Nf6 2. Nc3 g6 3. d4 d5 4. Nf3 Bg7 5. e4 0-0 6. cxd5 Nxd5 7. Bc4 Nxc3 8. bxc3 c5 9. 0-0 Nc6 10. Ba3 cxd4 11. cxd4 Bg4 12. h3 Bxf3 13. Qxf3 Qa5 14. Bc5 Ne5 15. Qe2 Nxc4 16. Qxc4 Rac8 17. Qb3 Rxc5 18. dxc5 Bxa1 19. Rxa1 Qxc5 20. Qxb7 Rc8 21. Rd1 Qc7 22. Qb3 Qc6 23. Qa3 Qc7 24. Qa4 Rd8 25. Rxd8+ Qxd8 26. Qxa7 Qd1+ 27. Kh2 Qd6+ 28. g3 Qd2 29. Qa8+ Kg7 30. Kg2 e5 31. a4 f5 32. Qb7+ Kh6 33. Qb5 fxe4 34. a5 Qd8 35. a6 Qd6 36. Kg1 Qd1+ 37. Qf1 Qa4 38. Qe2 Kg7 39. Kg2 Kf7 40. g4 1-0

[Event "Florianopolis op 6th"]
[Site "Florianopolis"]
[Date "2020.01.21"]
[Round "2"]
[White "Lemos, Paulo Renato Bueno"]
[Black "Stroher, Victor Augusto"]
[Result "1-0"]
[WhiteElo "1842"]
[BlackElo "1529"]
[PlyCount "48"]
[EventDate "2020.01.20"]
[EventType "swiss"]
[EventRounds "10"]
[EventCountry "BRA"]
[SourceTitle "CBM 194 Extra"]
[Source "ChessBase"]
[SourceDate "2020.03.31"]
[SourceVersion "1"]
[SourceVersionDate "2020.03.31"]
[SourceQuality "1"]

1. e4 c5 2. Nf3 Nc6 3. Bb5 e6 4. c3 Nge7 5. d4 cxd4 6. cxd4 d5 7. e5 Qb6 8. Nc3 Nf5 9. 0-0 Bd7 10. Be3 Be7 11. Qd2 0-0 12. a4 a6 13. a5 Nxa5 14. Bxd7 Nb3 15. Qd1 Nxa1 16. Qxa1 Nxe3 17. fxe3 Rfd8 18. Ba4 Rac8 19. Rf2 Rc7 20. Qf1 Qb4 21. Bc2 f5 22. exf6 Bxf6 23. h4 Rf8 24. Ng5 Bxg5 1-0

[Event "Santa Catarina State-ch 63rd"]
[Site "Timbo"]
[Date "2019.06.07"]
[Round "1"]
[White "Stroher, Victor Augusto"]
[Black "Caetano, Ryan Wesley da Cost"]
[Result "0-1"]
[WhiteElo "1491"]
[BlackElo "2093"]
[PlyCount "54"]
[EventDate "2019.06.07"]
[EventType "swiss"]
[EventRounds "6"]
[EventCountry "BRA"]
[SourceTitle "EXT 2020"]
[Source "ChessBase"]
[SourceDate "2019.10.17"]
[SourceVersion "1"]
[SourceVersionDate "2019.10.17"]
[SourceQuality "1"]

1. e4 c5 2. Nf3 d6 3. d4 cxd4 4. Nxd4 Nf6 5. Nc3 a6 6. Bg5 e6 7. f4 Be7 8. Qf3 Nbd7 9. Bc4 h6 10. Bh4 g5 11. fxg5 Ne5 12. Qe2 Nfg4 13. Nf3 hxg5 14. Nxe5 Nxe5 15. Bg3 Qa5 16. Bb3 Bd7 17. 0-0 0-0-0 18. Rad1 Bc6 19. Rxf7 Nxf7 20. Bxe6+ Kb8 21. Bxf7 Rhf8 22. Bd5 Bf6 23. Bxc6 Bxc3 24. Rxd6 Qc5+ 25. Kh1 Rxd6 26. Bxb7 Be5 27. b4 Qxb4 0-1

[Event "Sao Bento do Sul op 05"]
[Site "Sao Bento do Sul"]
[Date "2019.05.19"]
[Round "6"]
[White "Stroher, Victor Augusto"]
[Black "Campagnolo, Fabiola"]
[Result "0-1"]
[WhiteElo "1522"]
[BlackElo "1812"]
[PlyCount "52"]
[EventDate "2019.05.17"]
[EventType "swiss"]
[EventRounds "7"]
[EventCountry "BRA"]
[SourceTitle "CBM 195 Extra"]
[Source "ChessBase"]
[SourceDate "2020.05.31"]
[SourceVersion "1"]
[SourceVersionDate "2020.05.31"]
[SourceQuality "1"]

1. e4 e5 2. Nf3 Nc6 3. Bb5 d6 4. d4 exd4 5. Nxd4 Nge7 6. Nc3 Bd7 7. Bg5 h6 8. Bxc6 bxc6 9. Qh5 Qc8 10. Bxe7 Bxe7 11. Qe2 c5 12. Nf3 Qb7 13. 0-0 Qxb2 14. Nd5 Bd8 15. Rab1 Qxa2 16. Rb7 0-0 17. Rfb1 Bc6 18. R1b2 Qa5 19. Qc4 Bxb7 20. Ra2 Ba6 21. Qxa6 Qxa6 22. Rxa6 Rb8 23. Kf1 Re8 24. Nd2 Rb2 25. Rxa7 Rxc2 26. Nxc7 Bxc7 0-1

[Event "Sao Bento do Sul op 05"]
[Site "Sao Bento do Sul"]
[Date "2019.05.18"]
[Round "5"]
[White "Campagnolo, Bruna1111"]
[Black "Stroher, Victor Augusto"]
[Result "0-1"]
[WhiteElo "1276"]
[BlackElo "1522"]
[PlyCount "62"]
[EventDate "2019.05.17"]
[EventType "swiss"]
[EventRounds "7"]
[EventCountry "BRA"]
[SourceTitle "CBM 195 Extra"]
[Source "ChessBase"]
[SourceDate "2020.05.31"]
[SourceVersion "1"]
[SourceVersionDate "2020.05.31"]
[SourceQuality "1"]

1. e4 c5 2. Nf3 Nc6 3. d4 cxd4 4. Nxd4 e5 5. Nb5 a6 6. Nd6+ Bxd6 7. Qxd6 Qf6 8. Qd1 Nge7 9. Nc3 0-0 10. Bc4 d6 11. Be3 Be6 12. Bxe6 Qxe6 13. Nd5 Qg6 14. Nxe7+ Nxe7 15. 0-0 f5 16. exf5 Nxf5 17. Qd5+ Rf7 18. c3 Nh4 19. g3 Nf3+ 20. Kg2 h5 21. h4 Nxh4+ 22. Kh3 Qg4+ 23. Kh2 Nf3+ 24. Kg2 h4 25. Rh1 e4 26. Qd1 Rf5 27. Qxd6 Rh5 28. Kf1 hxg3 29. Rxh5 g2+ 30. Ke2 Nd4+ 31. Kd2 Qe2+ 0-1

[Event "Sao Bento do Sul op 05"]
[Site "Sao Bento do Sul"]
[Date "2019.05.18"]
[Round "3"]
[White "Cunha, Gustavo Mengarda"]
[Black "Stroher, Victor Augusto"]
[Result "0-1"]
[WhiteElo "1071"]
[BlackElo "1522"]
[PlyCount "64"]
[EventDate "2019.05.17"]
[EventType "swiss"]
[EventRounds "7"]
[EventCountry "BRA"]
[SourceTitle "CBM 195 Extra"]
[Source "ChessBase"]
[SourceDate "2020.05.31"]
[SourceVersion "1"]
[SourceVersionDate "2020.05.31"]
[SourceQuality "1"]

1. d4 Nf6 2. Nf3 g6 3. Bg5 Bg7 4. g3 b6 5. Bg2 Bb7 6. Nbd2 0-0 7. 0-0 d5 8. b3 Nbd7 9. c4 c5 10. e3 Ne4 11. Re1 Nxg5 12. Nxg5 e5 13. cxd5 Qxg5 14. f4 exf4 15. exf4 Bxd4+ 16. Kh1 Qf5 17. Rc1 Bxd5 18. Bxd5 Qxd5+ 19. Qf3 Qxf3+ 20. Nxf3 Rfe8 21. Red1 Re4 22. Ng5 Re3 23. Kg2 Re2+ 24. Kh3 Nf8 25. Nf3 Ne6 26. g4 Nxf4+ 27. Kh4 Bf2+ 28. Kg5 Ne6+ 29. Kf6 Bd4+ 30. Nxd4 Nxd4 31. Rd3 h6 32. g5 Re6# 0-1

[Event "BRA-ch U14"]
[Site "Florianopolis"]
[Date "2019.04.21"]
[Round "6"]
[White "De Vasconcellos, Natan de Mattia"]
[Black "Stroher, Victor Augusto"]
[Result "0-1"]
[WhiteElo "1705"]
[BlackElo "1531"]
[PlyCount "58"]
[EventDate "2019.04.18"]
[EventType "swiss"]
[EventRounds "6"]
[EventCountry "BRA"]
[SourceTitle "CBM 190 Extra"]
[Source "ChessBase"]
[SourceDate "2019.07.15"]
[SourceVersion "1"]
[SourceVersionDate "2019.07.15"]
[SourceQuality "1"]

1. e4 c5 2. Nf3 Nc6 3. d4 cxd4 4. Nxd4 e5 5. Nxc6 bxc6 6. Bd3 Nf6 7. Nc3 Be7 8. 0-0 0-0 9. Be3 d5 10. exd5 cxd5 11. Bg5 Bb7 12. Re1 e4 13. Bb5 Qb6 14. Bxf6 Bxf6 15. Nxd5 Qxb5 16. Nc7 Qc6 17. Nxa8 Rxa8 18. Rb1 e3 19. f3 Rd8 20. Qc1 Bd4 21. c3 Bb6 22. Qc2 Rd2 23. Qe4 Qxe4 24. fxe4 Bxe4 25. Kf1 Bxg2+ 26. Kg1 Be4 27. Kf1 Bxb1 28. Rxb1 Rxh2 29. Kg1 Rf2 0-1

[Event "BRA-ch U14"]
[Site "Florianopolis"]
[Date "2019.04.21"]
[Round "5"]
[White "Stroher, Victor Augusto"]
[Black "Moretto, Heitor Frainer"]
[Result "1/2-1/2"]
[WhiteElo "1531"]
[BlackElo "1468"]
[PlyCount "30"]
[EventDate "2019.04.18"]
[EventType "swiss"]
[EventRounds "6"]
[EventCountry "BRA"]
[SourceTitle "CBM 190 Extra"]
[Source "ChessBase"]
[SourceDate "2019.07.15"]
[SourceVersion "1"]
[SourceVersionDate "2019.07.15"]
[SourceQuality "1"]

1. e4 e6 2. d4 d5 3. exd5 exd5 4. Nf3 Nf6 5. Bg5 Bg4 6. Be2 Nbd7 7. 0-0 Bd6 8. Ne5 Bxe2 9. Qxe2 Qe7 10. Re1 0-0-0 11. Nc3 c6 12. Nxd7 Qxe2 13. Rxe2 Kxd7 14. Rae1 Rde8 15. Bxf6 gxf6 1/2-1/2

[Event "Florianopolis op 5th"]
[Site "Florianopolis"]
[Date "2019.01.27"]
[Round "10"]
[White "Stroher, Victor Augusto"]
[Black "Pereira, Cristiano Alves"]
[Result "1-0"]
[WhiteElo "1451"]
[BlackElo "1687"]
[PlyCount "57"]
[EventDate "2019.01.21"]
[EventType "swiss"]
[EventRounds "10"]
[EventCountry "BRA"]
[SourceTitle "EXT 2020"]
[Source "ChessBase"]
[SourceDate "2019.10.17"]
[SourceVersion "1"]
[SourceVersionDate "2019.10.17"]
[SourceQuality "1"]

1. e4 e5 2. Nf3 Nc6 3. Bb5 a6 4. Ba4 Bc5 5. Nc3 d6 6. 0-0 Bg4 7. d3 b5 8. Bb3 Nd4 9. Kh1 c6 10. Bxf7+ Kf8 11. Bb3 Qf6 12. Bg5 Qg6 13. Nxe5 Qxg5 14. Nxg4 h5 15. Ne3 Nf6 16. f4 Qh4 17. Qe1 g5 18. Qxh4 gxh4 19. Ncd1 Ng4 20. Nxg4 hxg4 21. Re1 g3 22. c3 Nxb3 23. axb3 Kg7 24. e5 Bb6 25. Ne3 Kg6 26. h3 c5 27. Nd5 Ba7 28. Rxa6 Rh7 29. Rxd6+ 1-0

[Event "Blumenau STD op"]
[Site "Blumenau"]
[Date "2018.09.29"]
[Round "3"]
[White "De Borba, Gabriel"]
[Black "Stroher, Victor Augusto"]
[Result "1-0"]
[WhiteElo "2033"]
[BlackElo "1457"]
[PlyCount "37"]
[EventDate "2018.09.28"]
[EventType "swiss"]
[EventRounds "6"]
[EventCountry "BRA"]
[SourceTitle "EXT 2020"]
[Source "ChessBase"]
[SourceDate "2019.10.17"]
[SourceVersion "1"]
[SourceVersionDate "2019.10.17"]
[SourceQuality "1"]

1. e4 c5 2. Nf3 d6 3. c3 g6 4. d4 Bg7 5. h3 b6 6. Bd3 Bb7 7. 0-0 Nd7 8. Re1 Ngf6 9. e5 dxe5 10. dxe5 Bxf3 11. Qxf3 Ng8 12. Bf4 e6 13. Bb5 Rc8 14. Na3 Ne7 15. Rad1 Rc7 16. Rxd7 Rxd7 17. Rd1 0-0 18. Rxd7 Qe8 19. Rxa7 1-0

[Event "Santa Catarina State-ch U20"]
[Site "Blumenau"]
[Date "2018.08.24"]
[Round "1"]
[White "Do Valle Cardoso, Lucas"]
[Black "Stroher, Victor Augusto"]
[Result "1/2-1/2"]
[WhiteElo "2125"]
[BlackElo "1498"]
[PlyCount "36"]
[EventDate "2018.08.24"]
[EventType "swiss"]
[EventRounds "6"]
[EventCountry "BRA"]
[SourceTitle "EXT 2019"]
[Source "ChessBase"]
[SourceDate "2018.10.10"]
[SourceVersion "1"]
[SourceVersionDate "2018.10.10"]
[SourceQuality "1"]

1. e4 c5 2. Nf3 d6 3. Nc3 Nf6 4. d4 cxd4 5. Nxd4 g6 6. Be3 Bg7 7. f3 Nc6 8. Qd2 a6 9. g4 Bxg4 10. fxg4 Nxg4 11. Nxc6 bxc6 12. Bc4 f6 13. 0-0-0 d5 14. exd5 cxd5 15. Be2 Nxe3 16. Qxe3 0-0 17. Kb1 Qa5 18. Qf3 Rab8 1/2-1/2

[Event "Caioba Telecom op"]
[Site "Caioba"]
[Date "2018.08.05"]
[Round "9"]
[White "Stroher, Victor Augusto"]
[Black "Espindola, Carlos Marcelo"]
[Result "1/2-1/2"]
[WhiteElo "1498"]
[BlackElo "1375"]
[PlyCount "26"]
[EventDate "2018.08.01"]
[EventType "swiss"]
[EventRounds "9"]
[EventCountry "BRA"]
[SourceTitle "CBM 186 Extra"]
[Source "ChessBase"]
[SourceDate "2018.08.24"]
[SourceVersion "1"]
[SourceVersionDate "2018.08.24"]
[SourceQuality "1"]

1. d4 Nf6 2. c4 e5 3. e3 exd4 4. exd4 Bb4+ 5. Bd2 Qe7+ 6. Qe2 Qxe2+ 7. Bxe2 Nc6 8. Nf3 0-0 9. Nc3 Bxc3 10. Bxc3 d5 11. Ne5 Re8 12. Nxc6 bxc6 13. f3 Ba6 1/2-1/2

[Event "Caioba Telecom op"]
[Site "Caioba"]
[Date "2018.08.03"]
[Round "6"]
[White "De Oliveira, Wythor Rogerio"]
[Black "Stroher, Victor Augusto"]
[Result "1-0"]
[WhiteElo "1291"]
[BlackElo "1498"]
[PlyCount "62"]
[EventDate "2018.08.01"]
[EventType "swiss"]
[EventRounds "9"]
[EventCountry "BRA"]
[SourceTitle "CBM 186 Extra"]
[Source "ChessBase"]
[SourceDate "2018.08.24"]
[SourceVersion "1"]
[SourceVersionDate "2018.08.24"]
[SourceQuality "1"]

1. e4 c5 2. c3 d5 3. exd5 Qxd5 4. Nf3 Bg4 5. Be2 Nf6 6. 0-0 g6 7. d4 cxd4 8. Nxd4 Bxe2 9. Qxe2 a6 10. Be3 Bg7 11. Na3 b5 12. Rfd1 Qh5 13. Rd2 0-0 14. Rad1 Rd8 15. Nf3 Rxd2 16. Bxd2 Nc6 17. Nc2 e6 18. Bg5 h6 19. Bxf6 Bxf6 20. Qe4 Rc8 21. Rd6 Qc5 22. Rxe6 fxe6 23. Qxe6+ Kg7 24. Qxc8 Qd5 25. Qb7+ Kg8 26. Ncd4 Bxd4 27. cxd4 Qxa2 28. h3 Nxd4 29. Nxd4 Qxb2 30. Qc8+ Kf7 31. Qc7+ Kg8 1-0

[Event "Caioba Telecom op"]
[Site "Caioba"]
[Date "2018.08.02"]
[Round "4"]
[White "Ichimura G Barbosa, Larissa Yuki"]
[Black "Stroher, Victor Augusto"]
[Result "1-0"]
[WhiteElo "1947"]
[BlackElo "1498"]
[PlyCount "63"]
[EventDate "2018.08.01"]
[EventType "swiss"]
[EventRounds "9"]
[EventCountry "BRA"]
[SourceTitle "CBM 186 Extra"]
[Source "ChessBase"]
[SourceDate "2018.08.24"]
[SourceVersion "1"]
[SourceVersionDate "2018.08.24"]
[SourceQuality "1"]

1. e4 c5 2. Nf3 d6 3. d4 cxd4 4. Nxd4 Nf6 5. Nc3 g6 6. f3 Bg7 7. Be3 0-0 8. Qd2 Nc6 9. 0-0-0 Nxd4 10. Bxd4 a6 11. g4 h5 12. Bxf6 exf6 13. gxh5 Be6 14. hxg6 Qa5 15. gxf7+ Bxf7 16. Rg1 Bxa2 17. Nxa2 Qxa2 18. Qd5+ Qxd5 19. Rxd5 Rfd8 20. Bc4 Kf8 21. Rh5 Rac8 22. Bd5 Rc5 23. Rh7 Rd7 24. h4 Rdc7 25. Bb3 Rb5 26. Kb1 a5 27. h5 Rxb3 28. cxb3 Kg8 29. Rh6 Rc5 30. Rhg6 Rg5 31. R1xg5 fxg5 32. h6 1-0

[Event "Blumenau STD op"]
[Site "Blumenau"]
[Date "2018.05.25"]
[Round "2"]
[White "Stroher, Victor Augusto"]
[Black "Caetano, Ryan Wesley da Cost"]
[Result "0-1"]
[WhiteElo "1515"]
[BlackElo "1994"]
[PlyCount "50"]
[EventDate "2018.05.25"]
[EventType "swiss"]
[EventRounds "6"]
[EventCountry "BRA"]
[SourceTitle "CBM 184 Extra"]
[Source "ChessBase"]
[SourceDate "2018.06.28"]
[SourceVersion "1"]
[SourceVersionDate "2018.06.28"]
[SourceQuality "1"]

1. d4 Nf6 2. c4 g6 3. Nc3 d5 4. e3 Bg7 5. Nf3 0-0 6. Be2 dxc4 7. Bxc4 c5 8. 0-0 cxd4 9. Nxd4 Qc7 10. Be2 a6 11. a4 e5 12. Nf3 Rd8 13. Qc2 Bf5 14. Qb3 Nc6 15. Rd1 Be6 16. Qa3 Bf8 17. b4 Bxb4 18. Qb2 Rxd1+ 19. Bxd1 Rd8 20. Be2 e4 21. Ng5 Bxc3 22. Qxc3 Nd5 23. Qc5 Qe5 24. Nxe6 Qxa1 25. Nxd8 Nc3 0-1